MARC

LEADER 00000nam0a2200000 4500
001 266842
005 20231101234033.0
020 |a RU  |b 87-7117 
035 |a (RuTPU)RU\TPU\book\289862 
090 |a 266842 
100 |a 20140716d1987 m y0rusy5003 ca 
101 0 |a rus 
102 |a RU 
105 |a a z 001zy 
200 1 |a Химия для вас  |f А. М. Юдин, В. Н. Сучков, Ю. А. Коростелин 
205 |a 3-е изд., стер. 
210 |a Москва  |c Химия  |d 1987 
215 |a 191 с.  |c ил. 
320 |a Предм. указ.: с. 188-192 
606 1 |a Домоводство  |2 stltpush  |3 (RuTPU)RU\TPU\subj\9989  |9 37135 
610 1 |a химия 
610 1 |a быт 
610 1 |a бытовая химия 
610 1 |a применение 
610 1 |a техника безопасности 
675 |a 64  |z rus  |v 4 
700 1 |a Юдин  |b А. М.  |g Анатолий Михайлович  |4 070 
701 1 |a Сучков  |b В. Н.  |g Владимир Николаевич 
701 1 |a Коростелин  |b Ю. А.  |g Юрий Александрович 
801 0 |a RU  |b RuMRKP  |c 19950417  |g psbo 
801 1 |a RU  |b 63413507  |c 20140716 
801 2 |a RU  |b 63413507  |c 20170217  |g RCR 
942 |c BK